| 000 | 01079nam a2200325Ia 4500 | ||
|---|---|---|---|
| 003 | OSt | ||
| 005 | 20220912145324.0 | ||
| 006 | a|||||r|||| 00| 0 | ||
| 007 | ta | ||
| 008 | 220909b |||||||| |||| 00| 0 eng d | ||
| 020 | _a0070601097 (pbk) | ||
| 024 | _a78462 | ||
| 037 | _b298, 15/03/2007, Educational Book Agency (India) | ||
| 037 | _cTextual | ||
| 040 |
_aCSL _beng _cCSL |
||
| 041 | _aeng | ||
| 082 | _aD65,494, P6 TD | ||
| 100 | _aMitra Sanjit K | ||
| 245 | 0 | _aDigital signal processing: A computer based approach | |
| 250 | _a3 | ||
| 260 |
_aNew York _bTata McGraw-Hill Publishing Company Limited _c2006 |
||
| 300 |
_axx, 972p. Includes CD-ROM _ccm. |
||
| 490 | _aMcGraw-Hill series in electrical and computer engineering | ||
| 500 | _aBibliography 941-959p.; Index 960-972p. | ||
| 650 | _a Digital techniques-Data processing | ||
| 650 | _a MATLAB | ||
| 650 | _aDigital signal processing | ||
| 942 |
_hD65,494, P6 TD _cTEXL _2CC |
||
| 999 |
_c28920 _d28920 |
||